[Event "chess.com Speed 3m+1spm 2018"]
[Site "chess.com INT"]
[Date "2018.07.29"]
[Round "1.17"]
[White "So, Wesley"]
[Black "Wei, Yi"]
[Result "1/2-1/2"]
[WhiteTitle "GM"]
[BlackTitle "GM"]
[WhiteElo "2780"]
[BlackElo "2729"]
[WhiteFideId "5202213"]
[BlackFideId "8603405"]
[EventDate "2018.07.24"]

1. d4 Nf6 2. c4 g6 3. Nc3 d5 4. Bf4 Bg7 5. e3 O-O 6. Rc1 Be6 7. cxd5 Nxd5 8.
Nxd5 Bxd5 9. Bxc7 Qd7 10. Nf3 Nc6 11. Bg3 Rac8 12. Bb5 a6 13. Bxc6 Rxc6 14. b3
Rxc1 15. Qxc1 Rc8 16. Qa3 Qb5 17. Kd2 Bxf3 18. gxf3 e5 19. Rc1 Rxc1 20. Qxc1
Qa5+ 21. Kd1 Qxa2 22. Qc8+ Bf8 23. Bxe5 Qxb3+ 24. Ke2 Qb5+ 25. Ke1 Qb1+ 26. Ke2
Qb5+ 27. Ke1 Qb1+ 28. Ke2 1/2-1/2

[Event "chess.com Speed 3m+1spm 2018"]
[Site "chess.com INT"]
[Date "2018.07.29"]
[Round "1.18"]
[White "Wei, Yi"]
[Black "So, Wesley"]
[Result "0-1"]
[WhiteTitle "GM"]
[BlackTitle "GM"]
[WhiteElo "2729"]
[BlackElo "2780"]
[WhiteFideId "8603405"]
[BlackFideId "5202213"]
[EventDate "2018.07.24"]

1. d4 Nf6 2. Bf4 d5 3. e3 Bf5 4. Nf3 e6 5. Nbd2 Bd6 6. Ne5 h6 7. g4 Bh7 8. h4
Ne4 9. g5 Nxd2 10. Qxd2 Nd7 11. gxh6 gxh6 12. O-O-O Qf6 13. Qc3 O-O-O 14. Bb5
Nb6 15. a4 Qe7 16. a5 Bb4 17. Nc6 bxc6 18. Qxc6 Rd6 19. Bxd6 Qxd6 20. Qxd6 Bxd6
21. axb6 axb6 22. Rhg1 Kd8 23. Bd3 Bxd3 24. cxd3 h5 25. Rg2 Be7 26. Rh1 Bf6 27.
Kd2 Kd7 28. Rh3 c5 29. dxc5 bxc5 30. e4 Rb8 31. exd5 exd5 32. Rf3 Ke6 33. Rg1
Rxb2+ 34. Kc1 Re2 35. Kd1 Ra2 36. Re1+ Be5 37. Rfe3 Ra1+ 38. Kc2 Rxe1 39. Rxe1
Kf5 40. Re3 Kf4 0-1

[Event "chess.com Speed 3m+1spm 2018"]
[Site "chess.com INT"]
[Date "2018.07.29"]
[Round "1.19"]
[White "So, Wesley"]
[Black "Wei, Yi"]
[Result "1-0"]
[WhiteTitle "GM"]
[BlackTitle "GM"]
[WhiteElo "2780"]
[BlackElo "2729"]
[WhiteFideId "5202213"]
[BlackFideId "8603405"]
[EventDate "2018.07.24"]

1. c4 Nf6 2. Nf3 g6 3. Nc3 Bg7 4. e4 d6 5. d4 O-O 6. Be2 Na6 7. O-O e5 8. Re1
Qe8 9. Bf1 Bg4 10. d5 Nb4 11. a3 Bxf3 12. gxf3 Na6 13. b4 Nd7 14. Be3 f5 15. Kh1
Qe7 16. Rc1 Qh4 17. c5 f4 18. Bd2 dxc5 19. b5 Nab8 20. d6 cxd6 21. Nd5 Qd8 22.
Bc3 Kh8 23. Qa4 a6 24. Red1 Nf6 25. Rb1 Nbd7 26. bxa6 Nxd5 27. Rxd5 Nb6 28. Qb3
Rxa6 29. Bxa6 Nxd5 30. Bxb7 Nxc3 31. Qxc3 Qc7 32. Bd5 Rb8 33. Rxb8+ Qxb8 34. a4
Bf6 35. a5 Bd8 36. a6 Bb6 37. Bc4 Kg7 38. Qd3 Kh6 39. Qd5 Qd8 40. Qf7 Qh4 41.
Kg2 Qg5+ 42. Kf1 Qh4 43. Qf8+ Kh5 44. Qxd6 Ba7 45. Qd7 1-0

[Event "chess.com Speed 1m+1spm 2018"]
[Site "chess.com INT"]
[Date "2018.07.29"]
[Round "1.20"]
[White "Wei, Yi"]
[Black "So, Wesley"]
[Result "1-0"]
[WhiteTitle "GM"]
[BlackTitle "GM"]
[WhiteElo "2729"]
[BlackElo "2780"]
[WhiteFideId "8603405"]
[BlackFideId "5202213"]
[EventDate "2018.07.24"]

1. e4 e5 2. Nf3 Nc6 3. Bb5 a6 4. Ba4 Nf6 5. O-O Be7 6. Re1 b5 7. Bb3 O-O 8. a4
b4 9. d4 d6 10. dxe5 Nxe5 11. Nbd2 Nfd7 12. Nd4 Bb7 13. f4 Ng6 14. N2f3 Bf6 15.
Bd5 Bxd5 16. exd5 Ne7 17. a5 Qc8 18. Nc6 Re8 19. Nxb4 Qb7 20. c3 Nf5 21. Nc6
Rxe1+ 22. Qxe1 Qb5 23. Qe4 g6 24. g4 Nh4 25. Nfd4 Qc4 26. Be3 Nc5 27. Ne7+ Kf8
28. Ne6+ 1-0

[Event "chess.com Speed 1m+1spm 2018"]
[Site "chess.com INT"]
[Date "2018.07.29"]
[Round "1.21"]
[White "So, Wesley"]
[Black "Wei, Yi"]
[Result "0-1"]
[WhiteTitle "GM"]
[BlackTitle "GM"]
[WhiteElo "2780"]
[BlackElo "2729"]
[WhiteFideId "5202213"]
[BlackFideId "8603405"]
[EventDate "2018.07.24"]

1. d4 Nf6 2. c4 e6 3. g3 d5 4. Bg2 Bb4+ 5. Bd2 Be7 6. Nf3 O-O 7. O-O Nbd7 8. b4
c6 9. a4 Ne4 10. Be1 f5 11. b5 Bd6 12. Qc2 Qe7 13. Nc3 g5 14. Rb1 g4 15. Nd2
Nxc3 16. Qxc3 Nf6 17. Nb3 Bd7 18. Na5 cxb5 19. c5 Bc7 20. axb5 b6 21. cxb6 Bxb6
22. Qd3 Rfc8 23. e3 Ne4 24. Bb4 Qe8 25. Nc6 Bxc6 26. bxc6 Qxc6 27. Qa3 a5 28.
Be1 a4 29. Bxe4 fxe4 30. Bb4 Qd7 31. Bc5 Bxc5 32. dxc5 Qc6 33. Rfc1 Rab8 34. Ra1
Ra8 35. Rab1 Rcb8 36. Rxb8+ Rxb8 37. Ra1 Rc8 38. Qxa4 Qxa4 39. Rxa4 Rxc5 40.
Ra8+ Kg7 41. Ra7+ Kg6 42. Kg2 Rc6 43. Ra8 Kf6 44. Rg8 Rc7 45. Rxg4 e5 46. Rh4
Kg6 47. Rg4+ Kf6 48. Rh4 Kg5 49. Kh3 h6 50. Rg4+ Kf5 51. Rg8 Rc2 52. Kg2 d4 53.
Rf8+ Ke6 54. Re8+ Kf5 55. Kf1 d3 56. Rd8 Ke6 57. Kg2 Rc1 58. g4 Rc5 59. h4 Rc7
60. Kf1 Rc1+ 61. Kg2 Rc5 62. Kf1 Ke7 63. Rb8 Rc1+ 0-1

[Event "chess.com Speed 1m+1spm 2018"]
[Site "chess.com INT"]
[Date "2018.07.29"]
[Round "1.22"]
[White "Wei, Yi"]
[Black "So, Wesley"]
[Result "0-1"]
[WhiteTitle "GM"]
[BlackTitle "GM"]
[WhiteElo "2729"]
[BlackElo "2780"]
[WhiteFideId "8603405"]
[BlackFideId "5202213"]
[EventDate "2018.07.24"]

1. e4 e5 2. Nf3 Nc6 3. Bb5 a6 4. Ba4 Nf6 5. O-O Nxe4 6. d4 b5 7. Bb3 d5 8. dxe5
Be6 9. c3 Be7 10. Bc2 O-O 11. Nbd2 f5 12. Nb3 Qd7 13. Nfd4 Nxd4 14. Nxd4 c5 15.
Nxe6 Qxe6 16. f3 Ng5 17. a4 Rad8 18. axb5 axb5 19. Kh1 g6 20. b4 c4 21. Qd4 Qc6
22. Bxg5 Bxg5 23. Ra7 Ra8 24. Rfa1 Rxa7 25. Rxa7 Bd8 26. e6 Bf6 27. Qe3 Re8 28.
Qh6 Re7 29. Rxe7 Bxe7 30. Qe3 Bf6 31. Kg1 Qd6 32. e7 Qxe7 33. Qd2 Kg7 34. Kf2
Qe5 35. g3 Qxc3 0-1

[Event "chess.com Speed 1m+1spm 2018"]
[Site "chess.com INT"]
[Date "2018.07.29"]
[Round "1.23"]
[White "So, Wesley"]
[Black "Wei, Yi"]
[Result "1/2-1/2"]
[WhiteTitle "GM"]
[BlackTitle "GM"]
[WhiteElo "2780"]
[BlackElo "2729"]
[WhiteFideId "5202213"]
[BlackFideId "8603405"]
[EventDate "2018.07.24"]

1. d4 Nf6 2. c4 e6 3. Nf3 d5 4. Nc3 c5 5. cxd5 Nxd5 6. e4 Nxc3 7. bxc3 cxd4 8.
cxd4 Bb4+ 9. Bd2 Bxd2+ 10. Qxd2 O-O 11. Bc4 Nd7 12. O-O b6 13. Rad1 Bb7 14. Rfe1
Rc8 15. Bb3 Nf6 16. Qf4 Re8 17. h3 Nh5 18. Qe5 Nf6 19. Qf4 Nh5 20. Qg4 Nf6 21.
Qf4 1/2-1/2

[Event "chess.com Speed 1m+1spm 2018"]
[Site "chess.com INT"]
[Date "2018.07.29"]
[Round "1.24"]
[White "Wei, Yi"]
[Black "So, Wesley"]
[Result "0-1"]
[WhiteTitle "GM"]
[BlackTitle "GM"]
[WhiteElo "2729"]
[BlackElo "2780"]
[WhiteFideId "8603405"]
[BlackFideId "5202213"]
[EventDate "2018.07.24"]

1. e4 e5 2. Nf3 Nc6 3. Bb5 a6 4. Ba4 Nf6 5. O-O Nxe4 6. d4 b5 7. Bb3 d5 8. dxe5
Be6 9. c3 Be7 10. Bc2 O-O 11. Nbd2 f5 12. Nb3 Qd7 13. Nfd4 Nxd4 14. Nxd4 c5 15.
Nxe6 Qxe6 16. f3 Ng5 17. a4 Rad8 18. Kh1 f4 19. axb5 axb5 20. Ra7 Rf7 21. b4
Qxe5 22. Re1 Qf6 23. bxc5 Bxc5 24. Rxf7 Nxf7 25. Qd3 Qh4 26. Bd2 Bf2 27. Re2 Bg3
28. h3 g6 29. Qxb5 Kg7 30. c4 d4 31. c5 Qf6 32. Bd3 Ne5 33. Qb7+ Rd7 34. Qe4 Ra7
35. Qxe5 Ra1+ 36. Re1 Qxe5 37. Rxa1 Qxc5 38. Rc1 Qe5 39. Be4 Kh6 40. Be1 Bxe1
41. Rxe1 Qa5 42. Rd1 Qc3 43. Kh2 Kg5 44. Rd3 Qb2 45. Rd1 Qf2 0-1

[Event "chess.com Speed 1m+1spm 2018"]
[Site "chess.com INT"]
[Date "2018.07.29"]
[Round "1.25"]
[White "So, Wesley"]
[Black "Wei, Yi"]
[Result "1/2-1/2"]
[WhiteTitle "GM"]
[BlackTitle "GM"]
[WhiteElo "2780"]
[BlackElo "2729"]
[WhiteFideId "5202213"]
[BlackFideId "8603405"]
[EventDate "2018.07.24"]

1. d4 Nf6 2. c4 e6 3. Nf3 d5 4. Nc3 Nbd7 5. Bf4 c6 6. e3 Bb4 7. Qb3 Qa5 8. a3
Bxc3+ 9. Qxc3 Qxc3+ 10. bxc3 Ne4 11. Rc1 b6 12. cxd5 exd5 13. c4 dxc4 14. Bxc4
Bb7 15. Ke2 O-O 16. Rhd1 Rfe8 17. Ne5 Nxe5 18. Bxe5 Rad8 19. f3 Nd6 20. Bd3 f6
21. Bf4 Kf7 22. h4 Nc8 23. Kf2 Ne7 24. Bc4+ Kf8 25. e4 h5 26. a4 Ng6 27. Bc7 Rd7
28. Bg3 Nh8 29. Bb3 Nf7 30. Bf4 Red8 31. Be3 Nd6 32. a5 Re8 33. Ba4 Rc8 34. axb6
axb6 35. d5 b5 36. dxc6 Rxc6 37. Bb3 Rxc1 38. Bxc1 Ke8 39. Be6 Rd8 40. Bf4 Nxe4+
41. Ke1 Rxd1+ 42. Kxd1 Nc5 43. Bf5 Kf7 44. Be3 Na4 45. Kd2 Bc6 46. Bc2 Nb2 47.
Bb3+ Nc4+ 48. Bxc4+ bxc4 49. Kc3 Bd5 50. Kd4 Ke6 51. Bd2 Kd6 52. Bb4+ Kc6 53.
Bf8 g5 54. Be7 gxh4 55. Bxf6 h3 56. gxh3 Bxf3 57. Kxc4 h4 58. Bxh4 Bg2 59. Bg3
Bxh3 60. Bd6 Kxd6 1/2-1/2

[Event "chess.com Speed 1m+1spm 2018"]
[Site "chess.com INT"]
[Date "2018.07.29"]
[Round "1.26"]
[White "Wei, Yi"]
[Black "So, Wesley"]
[Result "0-1"]
[WhiteTitle "GM"]
[BlackTitle "GM"]
[WhiteElo "2729"]
[BlackElo "2780"]
[WhiteFideId "8603405"]
[BlackFideId "5202213"]
[EventDate "2018.07.24"]

1. e4 e5 2. Nf3 Nc6 3. Nc3 Nf6 4. Bb5 Nd4 5. Ba4 Nxf3+ 6. gxf3 c6 7. d4 exd4 8.
Qxd4 d6 9. Bb3 b5 10. a3 c5 11. Qe3 c4 12. Ba2 a6 13. b3 Be6 14. bxc4 bxc4 15.
Nd5 Nxd5 16. exd5 Qa5+ 17. Bd2 Qxd5 18. O-O-O Be7 19. Bc3 Qf5 20. Rhg1 Bf6 21.
Bxc4 Bxc3 22. Bxe6 Qe5 23. Bd5 Rb8 24. f4 Qxe3+ 25. fxe3 g6 26. Rd3 Bb2+ 27. Kd2
Ke7 28. a4 Rhc8 29. Bb3 a5 30. Rd1 Ba3 31. Ke2 Rc5 32. Kf3 Rh5 33. Kg3 Bc5 34.
Rc3 g5 35. f5 g4 36. e4 Rh3+ 0-1

[Event "chess.com Speed 1m+1spm 2018"]
[Site "chess.com INT"]
[Date "2018.07.29"]
[Round "1.27"]
[White "So, Wesley"]
[Black "Wei, Yi"]
[Result "0-1"]
[WhiteTitle "GM"]
[BlackTitle "GM"]
[WhiteElo "2780"]
[BlackElo "2729"]
[WhiteFideId "5202213"]
[BlackFideId "8603405"]
[EventDate "2018.07.24"]

1. d4 Nf6 2. c4 e6 3. Nf3 d5 4. Nc3 Bb4 5. Bg5 Nbd7 6. cxd5 exd5 7. e3 h6 8.
Bxf6 Bxc3+ 9. bxc3 Nxf6 10. Bd3 O-O 11. O-O c5 12. dxc5 Qa5 13. Qb3 Qxc5 14. Qb4
b6 15. Rfc1 Be6 16. Nd4 Rfc8 17. a4 Bd7 18. a5 bxa5 19. Qxa5 Ne4 20. Qxc5 Rxc5
21. Bxe4 dxe4 22. Ra6 Bc8 23. Rd6 a5 24. Rd8+ Kh7 25. h4 a4 26. c4 a3 27. Nb5 a2
28. Ra1 Rxc4 29. Kh2 Rca4 30. Nc3 Be6 31. Rd6 Rb4 32. Kg3 Rb2 33. Rd4 Ra3 0-1

[Event "chess.com Speed 1m+1spm 2018"]
[Site "chess.com INT"]
[Date "2018.07.29"]
[Round "1.28"]
[White "Wei, Yi"]
[Black "So, Wesley"]
[Result "1-0"]
[WhiteTitle "GM"]
[BlackTitle "GM"]
[WhiteElo "2729"]
[BlackElo "2780"]
[WhiteFideId "8603405"]
[BlackFideId "5202213"]
[EventDate "2018.07.24"]

1. b3 d5 2. Bb2 Nf6 3. e3 e6 4. f4 Be7 5. Nf3 b6 6. Rg1 Bb7 7. g4 O-O 8. g5 Ne8
9. Bd3 c5 10. Rg3 g6 11. Nc3 Nc6 12. Qe2 Nb4 13. a3 Nxd3+ 14. cxd3 Ng7 15. Ne5
d4 16. Ne4 Bxe4 17. dxe4 Qd6 18. Ng4 Rad8 19. Rh3 h5 20. gxh6 Nh5 21. Ne5 Kh7
22. Qg4 Bf6 23. Nc4 Qc6 24. d3 dxe3 25. Bxf6 Nxf6 26. Qg5 Ng8 27. Rxe3 b5 28.
Nd2 Qd6 29. Nf3 c4 30. bxc4 bxc4 31. Rd1 Qxa3 32. Qe5 Rxd3 33. Ng5+ 1-0

[Event "chess.com Speed 5m+1spm 2018"]
[Site "chess.com INT"]
[Date "2018.08.02"]
[Round "1.1"]
[White "Vachier-Lagrave, Maxime"]
[Black "Dominguez Perez, Leinier"]
[Result "0-1"]
[WhiteTitle "GM"]
[BlackTitle "GM"]
[WhiteElo "2779"]
[BlackElo "2739"]
[WhiteFideId "623539"]
[BlackFideId "3503240"]
[EventDate "2018.07.24"]

1. e4 e5 2. Nf3 Nc6 3. Bb5 Nf6 4. d3 d6 5. O-O Be7 6. c3 O-O 7. Re1 a6 8. Ba4
Re8 9. Nbd2 Bf8 10. Nf1 h6 11. Ng3 b5 12. Bc2 d5 13. a4 dxe4 14. dxe4 Qxd1 15.
Bxd1 b4 16. h3 bxc3 17. bxc3 Rb8 18. a5 Na7 19. Ba4 Bd7 20. Be3 Nb5 21. Red1 Nd6
22. Bxd7 Nxd7 23. Nd2 Rb7 24. c4 Rb4 25. Rab1 Rxb1 26. Rxb1 Rb8 27. Rxb8 Nxb8
28. Kf1 Nc6 29. Ke2 Nxa5 30. Kd3 Ndb7 31. Kc3 Nc6 32. Nb3 a5 33. Ne2 Bb4+ 34.
Kc2 a4 35. Nbc1 Bc5 36. Nd3 Bxe3 37. fxe3 Nd6 38. Nc5 Nxc4 39. Kd3 Nb6 40. Nc3
a3 41. Kc2 Nc4 42. Kd3 Nd6 43. Kc2 f6 44. Nd5 Nc4 45. Kb3 N6a5+ 46. Ka2 c6 47.
Ne7+ Kf7 48. Nf5 h5 49. g4 hxg4 50. hxg4 g6 51. Ng3 Nxe3 52. g5 fxg5 53. Kxa3
Nac4+ 54. Kb4 Nd6 55. Kc3 g4 56. Kd3 Nec4 57. Nf1 Kf6 58. Ke2 Kg5 59. Kf2 Kf4
60. Ng3 Kg5 61. Ne6+ Kf6 62. Nc5 Nb6 63. Ke2 Nb5 64. Kd3 Nd4 65. Ke3 Ke7 66. Kf2
Nd7 67. Nd3 c5 68. Nf1 c4 69. Nb4 Nb6 70. Ne3 Kd6 71. Na2 Kc5 72. Nxg4 Nd7 73.
Ne3 Nb5 74. Nd5 Nd6 75. Ke3 Nb5 76. Nac3 Nxc3 77. Nxc3 Kb4 78. Kd2 Nc5 79. Nd5+
Kb3 0-1

[Event "chess.com Speed 5m+1spm 2018"]
[Site "chess.com INT"]
[Date "2018.08.02"]
[Round "1.2"]
[White "Dominguez Perez, Leinier"]
[Black "Vachier-Lagrave, Maxime"]
[Result "1/2-1/2"]
[WhiteTitle "GM"]
[BlackTitle "GM"]
[WhiteElo "2739"]
[BlackElo "2779"]
[WhiteFideId "3503240"]
[BlackFideId "623539"]
[EventDate "2018.07.24"]

1. d4 Nf6 2. Nf3 g6 3. e3 Bg7 4. Be2 O-O 5. O-O b6 6. c4 Bb7 7. Nc3 e6 8. b4 d6
9. a4 a5 10. b5 Nbd7 11. Ba3 Re8 12. Nd2 e5 13. Bf3 Qc8 14. Bxb7 Qxb7 15. Qf3
Qxf3 16. Nxf3 exd4 17. exd4 Rac8 18. Rfe1 Rxe1+ 19. Rxe1 Bf8 20. Nd2 Bh6 21. Nb3
Nf8 22. Bb2 c6 23. c5 dxc5 24. dxc5 N8d7 25. cxb6 Nxb6 26. Nxa5 cxb5 27. Nxb5
Nfd5 28. Nd6 Ra8 29. Re8+ Rxe8 30. Nxe8 Nxa4 31. Nf6+ Nxf6 32. Bxf6 Bg7 1/2-1/2

[Event "chess.com Speed 5m+1spm 2018"]
[Site "chess.com INT"]
[Date "2018.08.02"]
[Round "1.3"]
[White "Vachier-Lagrave, Maxime"]
[Black "Dominguez Perez, Leinier"]
[Result "1/2-1/2"]
[WhiteTitle "GM"]
[BlackTitle "GM"]
[WhiteElo "2779"]
[BlackElo "2739"]
[WhiteFideId "623539"]
[BlackFideId "3503240"]
[EventDate "2018.07.24"]

1. d4 Nf6 2. Bf4 d5 3. e3 e6 4. Bd3 Bd6 5. Bg3 O-O 6. Nd2 c5 7. c3 Qc7 8. Ngf3
Nbd7 9. Qc2 e5 10. dxe5 Nxe5 11. Nxe5 Bxe5 12. Nf3 Bxg3 13. hxg3 h6 14. c4 Be6
15. O-O Rfd8 16. Rac1 Rac8 17. cxd5 Nxd5 18. a3 a6 19. Rfd1 Ne7 20. b4 c4 21.
Nd4 b5 22. Nxe6 fxe6 23. Be4 Rxd1+ 24. Rxd1 Rd8 25. Rxd8+ Qxd8 26. Kf1 Qd6 27.
Ke2 Nd5 28. Qb2 Nf6 29. Bb1 Kf7 30. Qd4 Qxd4 31. exd4 Nd5 32. Kd2 h5 33. Be4 g5
34. f3 Kf6 35. Bxd5 exd5 36. g4 1/2-1/2

[Event "chess.com Speed 5m+1spm 2018"]
[Site "chess.com INT"]
[Date "2018.08.02"]
[Round "1.4"]
[White "Dominguez Perez, Leinier"]
[Black "Vachier-Lagrave, Maxime"]
[Result "0-1"]
[WhiteTitle "GM"]
[BlackTitle "GM"]
[WhiteElo "2739"]
[BlackElo "2779"]
[WhiteFideId "3503240"]
[BlackFideId "623539"]
[EventDate "2018.07.24"]

1. d4 Nf6 2. Nf3 g6 3. e3 Bg7 4. Be2 O-O 5. O-O d6 6. c4 Bf5 7. Nc3 a5 8. Bd3
Bxd3 9. Qxd3 e5 10. dxe5 dxe5 11. Qxd8 Rxd8 12. Nxe5 Na6 13. Nf3 Nc5 14. Rb1
Nfe4 15. Nxe4 Nxe4 16. Nd4 Bxd4 17. exd4 Rxd4 18. b3 Nd2 19. Bxd2 Rxd2 20. a4
Kf8 21. g3 Ra6 22. Rfd1 Rxd1+ 23. Rxd1 Ke7 24. Kf1 Rd6 25. Re1+ Kd7 26. Re5 Rd3
27. Rb5 b6 28. Ke2 Rd6 29. Ke3 c5 30. b4 cxb4 31. c5 Rd5 32. Rxb6 Rxc5 33. Kd4
Rf5 34. f4 Kc7 35. Ra6 h5 36. Ra7+ Kb6 37. Ra8 Kb7 38. Rb8+ Kxb8 0-1

[Event "chess.com Speed 5m+1spm 2018"]
[Site "chess.com INT"]
[Date "2018.08.02"]
[Round "1.5"]
[White "Vachier-Lagrave, Maxime"]
[Black "Dominguez Perez, Leinier"]
[Result "1-0"]
[WhiteTitle "GM"]
[BlackTitle "GM"]
[WhiteElo "2779"]
[BlackElo "2739"]
[WhiteFideId "623539"]
[BlackFideId "3503240"]
[EventDate "2018.07.24"]

1. Nf3 d5 2. g3 Nf6 3. Bg2 e6 4. O-O Be7 5. b3 O-O 6. Bb2 c5 7. e3 Nc6 8. d4
cxd4 9. Nxd4 Bd7 10. Nd2 Rc8 11. c4 Nxd4 12. Bxd4 Bc6 13. Rc1 dxc4 14. Rxc4 Bxg2
15. Kxg2 b5 16. Rxc8 Qxc8 17. Bxf6 Bxf6 18. Ne4 Be7 19. Qe2 Qb7 20. Qf3 Qa6 21.
Rd1 Qxa2 22. Rd7 Qa3 23. g4 h6 24. Qf4 a5 25. Qc7 Qb4 26. Qb7 Bh4 27. Kh3 Bg5
28. Nd6 h5 29. f4 Bxf4 30. Rxf7 hxg4+ 31. Kh4 Qe1+ 32. Kh5 g6+ 33. Kxg6 Qb1+ 34.
Nf5 1-0

[Event "chess.com Speed 5m+1spm 2018"]
[Site "chess.com INT"]
[Date "2018.08.02"]
[Round "1.6"]
[White "Dominguez Perez, Leinier"]
[Black "Vachier-Lagrave, Maxime"]
[Result "1-0"]
[WhiteTitle "GM"]
[BlackTitle "GM"]
[WhiteElo "2739"]
[BlackElo "2779"]
[WhiteFideId "3503240"]
[BlackFideId "623539"]
[EventDate "2018.07.24"]

1. e4 c5 2. Nf3 d6 3. d4 cxd4 4. Nxd4 Nf6 5. Nc3 a6 6. h3 e5 7. Nde2 h5 8. Bg5
Be6 9. Bxf6 Qxf6 10. Nd5 Qd8 11. Qd3 Nd7 12. O-O-O Nc5 13. Qf3 b5 14. h4 Rb8 15.
g3 Qc8 16. Kb1 b4 17. Qe3 a5 18. Nc1 g6 19. Nf6+ Ke7 20. Qg5 Bh6 21. Ng8+ Kf8
22. Nxh6 Nxe4 23. Qe3 Qc6 24. Bd3 Nc3+ 25. bxc3 bxc3+ 26. Nb3 a4 27. Be4 Qb6 28.
Qxc3 Rxh6 29. f4 axb3 30. axb3 Rc8 31. Qd2 Kg7 32. Qxd6 Qxd6 33. Rxd6 exf4 34.
gxf4 Rhh8 35. Kb2 Rhe8 36. Bd3 Bg4 37. Rh2 Re3 38. Rd4 Kf6 39. b4 Bf5 40. Rd6+
Ke7 41. Bxf5 gxf5 42. Rd4 Re4 43. Rhd2 Rc4 44. Rxc4 Rxc4 45. Kb3 Rxf4 46. b5
Rxh4 47. c4 Rh1 48. Kb2 Rh4 49. Kb3 Rh1 50. Ka2 Rc1 51. b6 Rxc4 52. b7 Rb4 53.
Rb2 Rxb7 54. Rxb7+ Ke6 55. Kb3 Ke5 56. Kc3 Kf4 57. Kd2 Kg3 58. Ke1 Kg2 59. Rxf7
h4 60. Rg7+ Kh1 61. Kf2 f4 62. Rb7 h3 63. Rb1+ Kh2 64. Rb3 1-0

[Event "chess.com Speed 5m+1spm 2018"]
[Site "chess.com INT"]
[Date "2018.08.02"]
[Round "1.7"]
[White "Vachier-Lagrave, Maxime"]
[Black "Dominguez Perez, Leinier"]
[Result "1/2-1/2"]
[WhiteTitle "GM"]
[BlackTitle "GM"]
[WhiteElo "2779"]
[BlackElo "2739"]
[WhiteFideId "623539"]
[BlackFideId "3503240"]
[EventDate "2018.07.24"]

1. c4 e6 2. Nc3 d5 3. d4 Nf6 4. cxd5 Nxd5 5. Nf3 c5 6. e4 Nxc3 7. bxc3 cxd4 8.
cxd4 Bb4+ 9. Bd2 Bxd2+ 10. Qxd2 O-O 11. Bc4 Nd7 12. O-O b6 13. Rfe1 Bb7 14. Rad1
Rc8 15. Bb3 Re8 16. h3 Nf6 17. Qf4 Qc7 18. Ne5 Re7 19. Rc1 Qd6 20. Rxc8+ Bxc8
21. Ng6 Qxf4 22. Nxf4 Bb7 23. f3 Rc7 24. Kf2 Kf8 25. g4 b5 26. Ke2 a5 27. g5 Ne8
28. Bxe6 Rc3 29. Bd5 Ba6 30. e5 Nc7 31. Be4 Ne6 32. Nxe6+ fxe6 33. Bxh7 b4+ 34.
Kf2 Bc4 35. Bb1 Bd5 36. Be4 Bxa2 37. h4 a4 38. h5 Bd5 39. Bxd5 exd5 40. h6 gxh6
41. gxh6 Ke7 42. h7 Rc8 43. Rc1 Rh8 44. Rc7+ Ke6 45. Rb7 b3 46. Ke3 Kf5 47. Rf7+
Ke6 48. Rf6+ Ke7 49. Rb6 Rxh7 50. Rb4 Rh8 51. Rxa4 Rb8 52. Ra1 b2 53. Rb1 Rb3+
54. Kf4 Ke6 55. Kg4 Rb8 56. f4 Rg8+ 57. Kf3 Rb8 58. Kg4 Rg8+ 59. Kf3 Rb8 60. Kg4 1/2-1/2

[Event "chess.com Speed 5m+1spm 2018"]
[Site "chess.com INT"]
[Date "2018.08.02"]
[Round "1.8"]
[White "Dominguez Perez, Leinier"]
[Black "Vachier-Lagrave, Maxime"]
[Result "0-1"]
[WhiteTitle "GM"]
[BlackTitle "GM"]
[WhiteElo "2739"]
[BlackElo "2779"]
[WhiteFideId "3503240"]
[BlackFideId "623539"]
[EventDate "2018.07.24"]

1. e4 c5 2. Nf3 d6 3. d4 cxd4 4. Nxd4 Nf6 5. Nc3 a6 6. h3 e5 7. Nde2 h5 8. Bg5
Be6 9. Bxf6 Qxf6 10. Nd5 Qd8 11. Qd3 Nd7 12. O-O-O Nc5 13. Qf3 b5 14. Kb1 Rb8
15. h4 Be7 16. g3 Qd7 17. Qe3 f5 18. Nxe7 Qxe7 19. exf5 Bxf5 20. Bh3 Bxh3 21.
Rxh3 b4 22. Rhh1 O-O 23. Rd2 Qb7 24. Rdd1 Rf3 25. Qg5 Ne4 26. Qxh5 Rxf2 27. Rhe1
Qc6 28. Qg4 Rc8 29. Ka1 d5 30. Nc1 Rxc2 31. Nd3 Nf2 0-1

[Event "chess.com Speed 3m+1spm 2018"]
[Site "chess.com INT"]
[Date "2018.08.02"]
[Round "1.10"]
[White "Dominguez Perez, Leinier"]
[Black "Vachier-Lagrave, Maxime"]
[Result "1-0"]
[WhiteTitle "GM"]
[BlackTitle "GM"]
[WhiteElo "2739"]
[BlackElo "2779"]
[WhiteFideId "3503240"]
[BlackFideId "623539"]
[EventDate "2018.07.24"]

1. d4 Nf6 2. Nf3 g6 3. e3 Bg7 4. Be2 O-O 5. O-O d6 6. c4 Bf5 7. Nc3 a5 8. Bd3
Bxd3 9. Qxd3 Nc6 10. e4 e5 11. d5 Ne7 12. Rb1 Nd7 13. a3 Nc5 14. Qc2 a4 15. Be3
Qd7 16. Bxc5 dxc5 17. Ne1 Nc8 18. Nb5 Nd6 19. Nxd6 cxd6 20. Nf3 h6 21. b3 f5 22.
bxa4 Qxa4 23. Qe2 Rf7 24. Rb6 Ra6 25. Rxa6 bxa6 26. Rb1 Qxa3 27. h4 f4 28. Rb8+
Kh7 29. Rb6 Bf8 30. h5 g5 31. Nh2 Qc1+ 32. Nf1 f3 33. gxf3 a5 34. Kg2 a4 35. Ra6
a3 36. Ne3 Rb7 37. Qc2 Qa1 38. Qa4 Rb1 39. Qd7+ Kh8 40. Ra7 Rg1+ 41. Kh3 g4+ 42.
Kh4 Rh1+ 43. Kxg4 Qg1+ 44. Kf5 Rxh5+ 45. Kf6 Qg5+ 46. Kf7 Qg7+ 47. Ke8 Qxd7+ 48.
Kxd7 Rg5 49. Rxa3 h5 50. Nf5 Rg6 51. Ke8 Rf6 52. Ra1 Kh7 53. Rh1 Kg6 54. Rg1+
Kh7 55. Rg5 1-0

[Event "chess.com Speed 3m+1spm 2018"]
[Site "chess.com INT"]
[Date "2018.08.02"]
[Round "1.11"]
[White "Vachier-Lagrave, Maxime"]
[Black "Dominguez Perez, Leinier"]
[Result "0-1"]
[WhiteTitle "GM"]
[BlackTitle "GM"]
[WhiteElo "2779"]
[BlackElo "2739"]
[WhiteFideId "623539"]
[BlackFideId "3503240"]
[EventDate "2018.07.24"]

1. b3 d5 2. Bb2 e6 3. e3 Nf6 4. Nf3 Be7 5. c4 O-O 6. Be2 c5 7. O-O Nc6 8. d4
cxd4 9. Nxd4 Bd7 10. Nd2 Nxd4 11. Bxd4 Bc6 12. Rc1 a6 13. Rc2 Rc8 14. Qa1 dxc4
15. Nxc4 Bxg2 16. Kxg2 b5 17. Rd1 Qd5+ 18. Bf3 Qg5+ 19. Kh1 Qf5 20. Bb7 Qxc2 21.
Bxc8 Rxc8 22. Nd2 Qf5 23. f3 Rc2 24. e4 Qf4 25. Be5 Qe3 0-1